5HLuxD.jpg

KING HENRY VIII SENIOR AND PRIMARY SCHOOL LIBRARY OPAC

Baba Yaga the Flying Witch / (Record no. 5606)

000 -LEADER
fixed length control field 00993nam a22002537a 4500
003 - CONTROL NUMBER IDENTIFIER
control field OSt
005 - DATE AND TIME OF LATEST TRANSACTION
control field 20251009110926.0
008 - FIXED-LENGTH DATA ELEMENTS--GENERAL INFORMATION
fixed length control field 251009b ||||| |||| 00| 0 eng d
020 ## - INTERNATIONAL STANDARD BOOK NUMBER
International Standard Book Number 9781409591528
Qualifying information book set
040 ## - CATALOGING SOURCE
Transcribing agency KH8
082 ## - DEWEY DECIMAL CLASSIFICATION NUMBER
Classification number FIC DAV
100 ## - MAIN ENTRY--PERSONAL NAME
Personal name Davidson, Susanna,
Relator term author.
245 ## - TITLE STATEMENT
Title Baba Yaga the Flying Witch /
Statement of responsibility, etc. retold by Susanna Davidson ; illustrated by Sara Rojo.
260 ## - PUBLICATION, DISTRIBUTION, ETC.
Place of publication, distribution, etc. England ;
Name of publisher, distributor, etc. Usborne Publishing Ltd ,
Date of publication, distribution, etc. 2008.
300 ## - PHYSICAL DESCRIPTION
Extent 48 pages :
Other physical details color illustrations ;
Dimensions 20 cm.
490 ## - SERIES STATEMENT
Series statement Usborne First Reading
Volume/sequential designation level 4
520 ## - SUMMARY, ETC.
Summary, etc. In this fantastic Russian folk tale, Baba Yaga zooms through the forest in her flying pot. Her hair is greasy. Her hands are warty. Her nose reaches down to her chin. And poor Tasha has been sent into the forest to find her...
650 ## - SUBJECT ADDED ENTRY--TOPICAL TERM
Topical term or geographic name entry element Easy reading
Form subdivision fiction
650 ## - SUBJECT ADDED ENTRY--TOPICAL TERM
Topical term or geographic name entry element Story telling
Form subdivision fiction
650 ## - SUBJECT ADDED ENTRY--TOPICAL TERM
Topical term or geographic name entry element Witch
700 ## - ADDED ENTRY--PERSONAL NAME
Personal name Rojo, Sara,
Relator term illustrations.
830 ## - SERIES ADDED ENTRY--UNIFORM TITLE
Uniform title Usborne First Reading
942 ## - ADDED ENTRY ELEMENTS (KOHA)
Source of classification or shelving scheme
Koha item type Books - Fiction
Holdings
Withdrawn status Lost status Source of classification or shelving scheme Damaged status Not for loan Collection code Permanent Location Current Location Shelving location Date acquired Full call number Barcode Date last seen Price effective from Koha item type
          Fiction KH8 Senior School Library KH8 Senior School Library Staff Office 2025-10-09 FIC DAV BRKHSL000022 2025-10-09 2025-10-09 Books - Fiction

Powered By KH8 IT Dept